000 00546nam a2200181Ia 4500
005 20250326141511.0
008 250326s9999 xx 000 0 und d
037 _aTextbook
040 _aFMSL
_beng
_cFMSL
041 _aeng
_2eng
084 _aX:8:f N0
_qFMSL
100 _aAhamadian A
_9744584
245 0 _aReseach in production and operations management : A productivity perspective
_cAhamadian A
260 _aBoston
_bBoston, Allyn and Bacon
_c1990
300 _a398p
942 _cTB
_hX:8:f N0
999 _c1290594
_d1290594